El lento andar de la araña /

Saved in:
Bibliographic Details
Main Author: Pepeto (Author)
Other Authors: Pérez-Sáez, Alejandro (Translator)
Format: Electronic eBook
Language:Spanish
French
Published: Ciudad de México : Fondo de Cultura Económica, 2023.
Edition:Primera edición en libro electrónico.
Series:Colección popular (Fondo de Cultura Económica (Mexico)). Novela gráfica.
Subjects:
Online Access:Digitalia Hispánica
Tags: Add Tag
No Tags, Be the first to tag this record!

MARC

LEADER 00000nam a2200000 i 4500
001 DIGFCE2476
003 NyNyDIG
007 cr |||||||||||
008 240701t20232022mx a o 000 f spa d
006 m o d
035 |a (OCoLC)1444058343 
040 |a DGITA  |b eng  |e rda  |e pn  |c DGITA 
020 |a 9786071679437  |q (libro electrónico-pdf) 
020 |z 9786071675675  |q (rústica) 
041 1 |a spa  |h fre 
050 1 4 |a PN6768 ebook 
100 0 |a Pepeto,  |e author. 
240 1 0 |a Lente marche de l'araignée.  |l Spanish  |s (Pérez-Sáez) 
245 1 3 |a El lento andar de la araña /  |c Pepeto ; traducción de Alejandro Pérez Sáez. 
250 |a Primera edición en libro electrónico. 
264 1 |a Ciudad de México :  |b Fondo de Cultura Económica,  |c 2023. 
264 4 |c ©2022 
300 |a 1 online resource :  |b color illustrations. 
336 |a text  |b txt  |2 rdacontent 
337 |a computer  |b c  |2 rdamedia 
338 |a online resource  |b cr  |2 rdacarrier 
347 |a text file  |2 rdaft 
347 |b PDF  
490 1 |a Popular Novela gráfica 
588 0 |a Online resource; title from PDF title page (Digitalia, viewed July 1, 2024) 
655 7 |a Graphic novels.  |2 lcgft 
700 1 |a Pérez-Sáez, Alejandro,  |e translator. 
700 0 |i Translation of:  |a Pepeto.  |t Lente marche de l'araignée. 
791 2 |a Digitalia (Firm),  |e distributor. 
793 0 |g Digitalia eBook Collection:  |a Fondo de Cultura Económica 
776 0 8 |i Print version:  |a Pepeto.  |s Lente marche de l'araignée. Spanish (Pérez-Sáez).  |t Lento andar de la araña.  |b Primera edición en español.  |d Ciudad de México : Fondo de Cultura Económica, [2022]  |z 9786071675675 
830 0 |a Colección popular (Fondo de Cultura Económica (Mexico)).  |p Novela gráfica. 
856 4 0 |3 Digitalia Hispánica  |u https://digitalia.unach.elogim.com/a/135516/ 
910 |a Premium collection: 2024